<?xml version="1.0" encoding="UTF-8"?>
<record
    xmlns:xsi="http://www.w3.org/2001/XMLSchema-instance"
    xsi:schemaLocation="http://www.loc.gov/MARC21/slim http://www.loc.gov/standards/marcxml/schema/MARC21slim.xsd"
    xmlns="http://www.loc.gov/MARC21/slim">

  <leader>00309nam a2200133Ia 4500</leader>
  <controlfield tag="003">OSt</controlfield>
  <controlfield tag="005">20240106111551.0</controlfield>
  <controlfield tag="008">170523s9999    xx            000 0 und d</controlfield>
  <datafield tag="020" ind1=" " ind2=" ">
    <subfield code="a">9788131203699</subfield>
  </datafield>
  <datafield tag="040" ind1=" " ind2=" ">
    <subfield code="c">IIMT UNIVERSITY</subfield>
  </datafield>
  <datafield tag="100" ind1=" " ind2=" ">
    <subfield code="a">DAS- S</subfield>
  </datafield>
  <datafield tag="245" ind1=" " ind2="2">
    <subfield code="a">A Concise text book of Surgery</subfield>
  </datafield>
  <datafield tag="942" ind1=" " ind2=" ">
    <subfield code="2">ddc</subfield>
    <subfield code="c">02</subfield>
  </datafield>
  <datafield tag="999" ind1=" " ind2=" ">
    <subfield code="c">10792</subfield>
    <subfield code="d">10792</subfield>
  </datafield>
  <datafield tag="952" ind1=" " ind2=" ">
    <subfield code="0">0</subfield>
    <subfield code="1">0</subfield>
    <subfield code="2">ddc</subfield>
    <subfield code="4">0</subfield>
    <subfield code="7">0</subfield>
    <subfield code="a">01</subfield>
    <subfield code="b">01</subfield>
    <subfield code="d">2017-05-29</subfield>
    <subfield code="p">01-B-99381</subfield>
    <subfield code="r">2017-05-29</subfield>
    <subfield code="u">medical science</subfield>
    <subfield code="w">2017-05-29</subfield>
    <subfield code="y">02</subfield>
    <subfield code="z">Transfer from Central Library to Allied Science Departmental Library</subfield>
  </datafield>
  <datafield tag="952" ind1=" " ind2=" ">
    <subfield code="0">0</subfield>
    <subfield code="1">0</subfield>
    <subfield code="2">ddc</subfield>
    <subfield code="4">0</subfield>
    <subfield code="7">0</subfield>
    <subfield code="a">01</subfield>
    <subfield code="b">01</subfield>
    <subfield code="d">2017-05-29</subfield>
    <subfield code="l">3</subfield>
    <subfield code="m">3</subfield>
    <subfield code="p">01-B-99382</subfield>
    <subfield code="r">2021-09-07</subfield>
    <subfield code="s">2020-09-01</subfield>
    <subfield code="u">medical science</subfield>
    <subfield code="w">2017-05-29</subfield>
    <subfield code="y">02</subfield>
    <subfield code="z">Physiotherapy Books</subfield>
  </datafield>
  <datafield tag="952" ind1=" " ind2=" ">
    <subfield code="0">0</subfield>
    <subfield code="1">0</subfield>
    <subfield code="2">ddc</subfield>
    <subfield code="4">0</subfield>
    <subfield code="7">0</subfield>
    <subfield code="a">01</subfield>
    <subfield code="b">01</subfield>
    <subfield code="d">2017-05-29</subfield>
    <subfield code="l">2</subfield>
    <subfield code="p">01-B-99383</subfield>
    <subfield code="r">2018-11-22</subfield>
    <subfield code="s">2018-11-21</subfield>
    <subfield code="u">medical science</subfield>
    <subfield code="w">2017-05-29</subfield>
    <subfield code="y">02</subfield>
    <subfield code="z">Physiotherapy Books</subfield>
  </datafield>
  <datafield tag="952" ind1=" " ind2=" ">
    <subfield code="0">0</subfield>
    <subfield code="1">0</subfield>
    <subfield code="2">ddc</subfield>
    <subfield code="4">0</subfield>
    <subfield code="7">0</subfield>
    <subfield code="a">01</subfield>
    <subfield code="b">01</subfield>
    <subfield code="d">2017-05-29</subfield>
    <subfield code="l">1</subfield>
    <subfield code="m">1</subfield>
    <subfield code="o">R</subfield>
    <subfield code="p">01-B-99384</subfield>
    <subfield code="r">2018-06-23</subfield>
    <subfield code="s">2017-09-11</subfield>
    <subfield code="u">medical science</subfield>
    <subfield code="w">2017-05-29</subfield>
    <subfield code="y">06</subfield>
    <subfield code="z">Physiotherapy Books</subfield>
  </datafield>
  <datafield tag="952" ind1=" " ind2=" ">
    <subfield code="0">0</subfield>
    <subfield code="1">0</subfield>
    <subfield code="2">ddc</subfield>
    <subfield code="4">0</subfield>
    <subfield code="7">0</subfield>
    <subfield code="a">01</subfield>
    <subfield code="b">01</subfield>
    <subfield code="d">2017-05-29</subfield>
    <subfield code="l">4</subfield>
    <subfield code="m">1</subfield>
    <subfield code="p">01-B-99385</subfield>
    <subfield code="r">2021-08-27</subfield>
    <subfield code="s">2021-07-29</subfield>
    <subfield code="u">medical science</subfield>
    <subfield code="w">2017-05-29</subfield>
    <subfield code="y">02</subfield>
    <subfield code="z">Physiotherapy Books</subfield>
  </datafield>
  <datafield tag="952" ind1=" " ind2=" ">
    <subfield code="0">0</subfield>
    <subfield code="1">0</subfield>
    <subfield code="2">ddc</subfield>
    <subfield code="4">0</subfield>
    <subfield code="7">0</subfield>
    <subfield code="a">01</subfield>
    <subfield code="b">01</subfield>
    <subfield code="d">2017-05-29</subfield>
    <subfield code="l">2</subfield>
    <subfield code="p">01-B-99386</subfield>
    <subfield code="r">2018-05-25</subfield>
    <subfield code="s">2018-02-23</subfield>
    <subfield code="u">medical science</subfield>
    <subfield code="w">2017-05-29</subfield>
    <subfield code="y">02</subfield>
    <subfield code="z">Physiotherapy Books</subfield>
  </datafield>
  <datafield tag="952" ind1=" " ind2=" ">
    <subfield code="0">0</subfield>
    <subfield code="1">0</subfield>
    <subfield code="2">ddc</subfield>
    <subfield code="4">0</subfield>
    <subfield code="7">0</subfield>
    <subfield code="a">01</subfield>
    <subfield code="b">01</subfield>
    <subfield code="d">2017-05-29</subfield>
    <subfield code="l">1</subfield>
    <subfield code="m">1</subfield>
    <subfield code="p">01-B-99387</subfield>
    <subfield code="r">2018-06-12</subfield>
    <subfield code="s">2017-08-25</subfield>
    <subfield code="u">medical science</subfield>
    <subfield code="w">2017-05-29</subfield>
    <subfield code="y">02</subfield>
    <subfield code="z">Physiotherapy Books</subfield>
  </datafield>
  <datafield tag="952" ind1=" " ind2=" ">
    <subfield code="0">0</subfield>
    <subfield code="1">0</subfield>
    <subfield code="2">ddc</subfield>
    <subfield code="4">0</subfield>
    <subfield code="7">0</subfield>
    <subfield code="a">01</subfield>
    <subfield code="b">01</subfield>
    <subfield code="d">2017-05-29</subfield>
    <subfield code="l">4</subfield>
    <subfield code="p">01-B-99388</subfield>
    <subfield code="r">2020-08-18</subfield>
    <subfield code="s">2019-11-01</subfield>
    <subfield code="u">medical science</subfield>
    <subfield code="w">2017-05-29</subfield>
    <subfield code="y">02</subfield>
    <subfield code="z">Physiotherapy Books</subfield>
  </datafield>
  <datafield tag="952" ind1=" " ind2=" ">
    <subfield code="0">0</subfield>
    <subfield code="1">0</subfield>
    <subfield code="2">ddc</subfield>
    <subfield code="4">0</subfield>
    <subfield code="7">0</subfield>
    <subfield code="a">01</subfield>
    <subfield code="b">01</subfield>
    <subfield code="d">2017-05-29</subfield>
    <subfield code="l">2</subfield>
    <subfield code="m">1</subfield>
    <subfield code="p">01-B-99389</subfield>
    <subfield code="r">2022-08-06</subfield>
    <subfield code="s">2022-03-09</subfield>
    <subfield code="u">medical science</subfield>
    <subfield code="w">2017-05-29</subfield>
    <subfield code="y">02</subfield>
    <subfield code="z">Physiotherapy Books</subfield>
  </datafield>
  <datafield tag="952" ind1=" " ind2=" ">
    <subfield code="0">0</subfield>
    <subfield code="1">0</subfield>
    <subfield code="2">ddc</subfield>
    <subfield code="4">0</subfield>
    <subfield code="7">0</subfield>
    <subfield code="a">01</subfield>
    <subfield code="b">01</subfield>
    <subfield code="d">2017-05-29</subfield>
    <subfield code="l">3</subfield>
    <subfield code="m">1</subfield>
    <subfield code="p">01-B-99390</subfield>
    <subfield code="r">2020-12-18</subfield>
    <subfield code="s">2019-11-07</subfield>
    <subfield code="u">medical science</subfield>
    <subfield code="w">2017-05-29</subfield>
    <subfield code="y">02</subfield>
    <subfield code="z">Physiotherapy Books</subfield>
  </datafield>
  <datafield tag="952" ind1=" " ind2=" ">
    <subfield code="0">0</subfield>
    <subfield code="1">0</subfield>
    <subfield code="2">ddc</subfield>
    <subfield code="4">0</subfield>
    <subfield code="7">0</subfield>
    <subfield code="a">01</subfield>
    <subfield code="b">01</subfield>
    <subfield code="d">2017-05-29</subfield>
    <subfield code="l">3</subfield>
    <subfield code="m">1</subfield>
    <subfield code="p">01-B-99701</subfield>
    <subfield code="r">2020-10-06</subfield>
    <subfield code="s">2019-10-14</subfield>
    <subfield code="u">medical science</subfield>
    <subfield code="w">2017-05-29</subfield>
    <subfield code="y">02</subfield>
    <subfield code="z">Physiotherapy Books</subfield>
  </datafield>
  <datafield tag="952" ind1=" " ind2=" ">
    <subfield code="0">0</subfield>
    <subfield code="1">0</subfield>
    <subfield code="2">ddc</subfield>
    <subfield code="4">0</subfield>
    <subfield code="7">0</subfield>
    <subfield code="a">01</subfield>
    <subfield code="b">01</subfield>
    <subfield code="d">2017-05-29</subfield>
    <subfield code="l">10</subfield>
    <subfield code="p">01-B-99702</subfield>
    <subfield code="r">2021-08-05</subfield>
    <subfield code="s">2021-08-04</subfield>
    <subfield code="u">medical science</subfield>
    <subfield code="w">2017-05-29</subfield>
    <subfield code="y">02</subfield>
    <subfield code="z">Physiotherapy Books</subfield>
  </datafield>
  <datafield tag="952" ind1=" " ind2=" ">
    <subfield code="0">0</subfield>
    <subfield code="1">0</subfield>
    <subfield code="2">ddc</subfield>
    <subfield code="4">0</subfield>
    <subfield code="7">0</subfield>
    <subfield code="a">01</subfield>
    <subfield code="b">01</subfield>
    <subfield code="d">2017-05-29</subfield>
    <subfield code="l">3</subfield>
    <subfield code="m">1</subfield>
    <subfield code="p">01-B-99703</subfield>
    <subfield code="r">2019-06-11</subfield>
    <subfield code="s">2019-02-07</subfield>
    <subfield code="u">medical science</subfield>
    <subfield code="w">2017-05-29</subfield>
    <subfield code="y">02</subfield>
    <subfield code="z">Physiotherapy Books</subfield>
  </datafield>
</record>
